Comunidad y resistencia el caso de Lumbisí en la Colonia

Na minha lista:
Detalhes bibliográficos
Autor principal: Rebolledo G, Loreto
Formato: Texto
Publicado em: Quito: FLACSO
Tags: Adicionar Tag
Sem tags, seja o primeiro a adicionar uma tag!

MARC

LEADER 00000 a a2200000 04500
001 24460
003
040
020 |a 9978-67-001-7  
090 |a 166900  
100 |a Rebolledo G, Loreto  
245 |a Comunidad y resistencia el caso de Lumbisí en la Colonia  
260 |a Quito:   |b FLACSO  
300 |a 321 p   |b **no definido**   |b map.  
999 |c 11200  |d 11200